IFM Opac

TOWARD FACULTY RENEWAL (Record no. 13382)

MARC details
000 -LEADER
fixed length control field 00306nam a22001337a 4500
082 ## - DEWEY DECIMAL CLASSIFICATION NUMBER
Classification number 370.73 264 097 3 GAF
100 ## - MAIN ENTRY--PERSONAL NAME
Personal name GAF, J.G
245 ## - TITLE STATEMENT
Title TOWARD FACULTY RENEWAL
260 ## - PUBLICATION, DISTRIBUTION, ETC.
Place of publication, distribution, etc. LONDON
Name of publisher, distributor, etc. JOSSEY
Date of publication, distribution, etc. 1976
300 ## - PHYSICAL DESCRIPTION
Extent XV.244P,
Other physical details 25CM
500 ## - GENERAL NOTE
General note INCLUDE
650 ## - SUBJECT ADDED ENTRY--TOPICAL TERM
Topical term or geographic name entry element TOWARD FACULTY RENEWAL
942 ## - ADDED ENTRY ELEMENTS (KOHA)
Koha item type Books
Holdings
Withdrawn status Lost status Source of classification or shelving scheme Damaged status Not for loan Home library Current library Shelving location Date acquired Full call number Barcode Date last seen Price effective from Koha item type
    Dewey Decimal Classification     IFM Main Campus Library IFM Main Campus Library   11/02/2015 370.73 264 097 3 GAF 0000011635 11/02/2015 11/02/2015 Books